000
00322nam a2200121Ia 4500
008
210430s9999 xx 000 0 und d
082
_a
901 C683 I
100
_a
R.G.Collingwood
245
4
_a
The Idea of History /
_c
R.G.Collingwood
260
_a
India
_b
OXFORD University Press
_c
2004
300
_a
509p
942
_c
BK
_2
ddc
999
_c
562610
_d
562610